LEADER 01192nam a2200277 u 4500 001 000000171522 003 CaOOAMICUS 005 20190304095343.0 008 190304s2018 it u000 u ita u 020 $a978-88-8333-777-2* 032 $aLibriCat 040 $aPUL(R)$bita$dPUL(R) 100 1 $aReyes, Cristina.$0(OLS)http://pul/name/110150 245 10$aEsistenza e persona:$btra il primo Heidegger e la metafisica dell'essere /$cCristina Reyes. 260 $aRoma :$bEDUSC,$cc2018. 300 $a133 p.;$c23 cm 600 14$aHeidegger, Martin,$d1889-1976$xCritica e interpretazione.$0(OLS)http://pul/subject/4941 650 4$aPersona (filosofia).$0(OLS)http://pul/subject/2012 650 4$aOntologia.$0(OLS)http://pul/subject/4424 850 $aPUL 852 $aPUL$W1$xSL Filosofia 3$y81$m111 REYCR 1$j195258$qDDC 21$B200139$CPULBib$Z2$F200139 $H132290 $82 941 1 $a9 996 $6020$a978-88-8333-777-2*$9(OLS)http://pul/number/165762 996 $6245$aEsistenza e persona:$btra il primo Heidegger e la metafisica dell'essere$9(OLS)http://pul/title/212327 996 $6260$aRoma :$bEDUSC$9(OLS)http://pul/publisher/79480 LEADER 01486nam a2200349 a 4500 001 000000160052 003 CaOOAMICUS 005 20170407110505.0 008 170407s2016 it r 001 u ita r 020 $z978-88-10-50559-5* 032 $aLibriCat 040 $aPUL$bita 082 04$a230 245 10$aFigli nel Figlio :$buna teologia morale fondamentale /$ca cura di Réal Tremblay, Stefano Zamboni ; presentazione di Luigi Lorenzetti. 250 $aNuova ed. 260 $aBologna :$bEDB,$c©2016. 300 $a439 p. ;$c24 cm. 490 1 $aTrattati di etica teologica 504 $aContiene indicazioni bibliografiche ed indici. 650 14$aTeologia morale.$0(OLS)http://pul/subject/1500 700 1 $aLorenzetti, Luigi.$0(OLS)http://pul/name/33992 700 1 $aTremblay, Réal.$0(OLS)http://pul/name/23596 700 1 $aZamboni, Stefano,$cS.C.I.,$d1974-$0(OLS)http://pul/name/68198 830 0$aTrattati di etica teologica.$0(OLS)http://pul/title/39534 850 $aPUL 852 $aPUL$W1$xSL Religione 3$y85$m230 TRERE 2$j183639$qDDC 21$B186846$CPULBib$Z2$F186846 $H129398 $81 941 1 $a9 996 $6020$z978-88-10-50559-5*$9(OLS)http://pul/number/162416 996 $6082$a230$9(OLS)http://pul/classification/368 996 $6245$aFigli nel Figlio :$buna teologia morale fondamentale$9(OLS)http://pul/title/140453 996 $6260$aBologna :$bEDB$9(OLS)http://pul/publisher/56073